000 01363nam a2200361Ia 4500
001 ebr10539148
003 CaPaEBR
006 m u
007 cr cn|||||||||
008 110124s2011 gau sb 000 0 eng d
020 _z0881462365
020 _z0881462683
020 _z9780881462364
020 _z9780881462685
020 _z9780881463576
040 _aCaPaEBR
_cCaPaEBR
035 _a(OCoLC)787846146
050 1 4 _aPR3560.A2
_bS73 2011eb
100 1 _aMilton, John,
_d1608-1674.
245 1 0 _aParadise lost
_h[electronic resource] :
_bthe biblically annotated edition /
_cJohn Milton ; edited by Matthew Stallard.
260 _aMacon, GA :
_bMercer University Press,
_c2011.
300 _a506 p.
504 _aIncludes bibliographical references.
533 _aElectronic reproduction.
_bPalo Alto, Calif. :
_cebrary,
_d2011.
_nAvailable via World Wide Web.
_nAccess may be limited to ebrary affiliated libraries.
600 1 0 _aMilton, John,
_d1608-1674.
_tParadise lost.
600 1 0 _aMilton, John,
_d1608-1674
_vSources.
630 0 0 _aBible
_xIn literature.
650 0 _aEnglish literature.
655 7 _aElectronic books.
_2local
700 1 _aStallard, Matthew.
710 2 _aebrary, Inc.
856 4 0 _uhttp://site.ebrary.com/lib/rucke/Doc?id=10539148
_zAn electronic book accessible through the World Wide Web; click to view
999 _c135216
_d135216